Contaminated land accreditation scheme (Record no. 69456)

MARC details
000 -LEADER
fixed length control field 00951cam a2200193 4500
001 - CONTROL NUMBER
control field WB3805-12
008 - FIXED-LENGTH DATA ELEMENTS--GENERAL INFORMATION
fixed length control field 020207n2002 000 0 eng u
035 ## - SYSTEM CONTROL NUMBER
System control number (Sirsi) u116637
245 ## - TITLE STATEMENT
Title Contaminated land accreditation scheme
260 ## - PUBLICATION, DISTRIBUTION, ETC.
Date of publication, distribution, etc. 2002
490 ## - SERIES STATEMENT
Series statement ENDS Report
Volume/sequential designation (324) January 2002, 10(1)
520 ## - SUMMARY, ETC.
Summary, etc. The first 12 contaminated land experts passed through the new Specialists in Land Condition (SILC) accreditation scheme in 2001. The new 'log book' approach to brownfield site clean-ups may take some years before it can be assessed, however. The standard land condition record (LCR) aimed to build investor confidence in brownfield redevelopment by sharing the available information in a standard format. More information available on http://www.silc.org.uk
590 ## - LOCAL NOTE (RLIN)
Local note WB
650 ## - SUBJECT ADDED ENTRY--TOPICAL TERM
Topical term or geographic name entry element BROWNFIELD LAND
650 ## - SUBJECT ADDED ENTRY--TOPICAL TERM
Topical term or geographic name entry element CONTAMINATED LAND
650 ## - SUBJECT ADDED ENTRY--TOPICAL TERM
Topical term or geographic name entry element LAND CONDITION RECORDS
690 ## - LOCAL SUBJECT ADDED ENTRY--TOPICAL TERM (OCLC, RLIN)
Topical term or geographic name as entry element ENVIRONMENT-CONTAMINATION
942 ## - ADDED ENTRY ELEMENTS (KOHA)
Suppress in OPAC 0
Holdings
Withdrawn status Lost status Source of classification or shelving scheme Damaged status Not for loan Home library Current library Shelving location Date acquired Total Checkouts Full call number Barcode Date last seen Copy number Price effective from Koha item type
    Dewey Decimal Classification     London London News article 07/02/2002   WB3805-12 116637-1001 06/08/2019 1 06/08/2019 News article